000 02217cam a2200565Ma 4500
003 PE-LiUPU
005 20250731172846.0
008 100507s2010 miu b 001 0 eng d
020 _a0310277205
020 _a9780310277200
035 _a(Sirsi) i9780310277200
040 _aPE-LiUPU
_bspa
_cPE-LiUPU
_erda
049 _aPRUA
082 0 0 _a236.9
_bB61
_222
100 1 _aBlaising, Craig A.
245 1 0 _aThree views on the Rapture :
_bpretribulation, prewrath, posttribulation /
_cCraig Blaising, Alan Hultberg, Douglas Moo ; Stanley N. Grundy, series editor ; Alan Hultberg, general editior.
246 3 0 _aRapture :
_bpretribulation, prewrath, posttribulation
264 _aGrand Rapids, MI :
_bZondervan,
_c2010.
300 _a303 páginas :
_btables ;
_c21 centímetros.
336 _atext
_2rdacontent
337 _aunmediated
_2rdamedia
338 _avolume
_2rdacarrier
490 0 _aCounterpoints
500 _aRevised edition of: Three views on the Rapture / Gleason L. Archer, Jr. et al. c1996.
504 _aÍndices : páginas 284-303.
505 8 _aA case for the pretribulation Rapture / Craig Blaising -- A case for the prewrath Rapture / Alan Hultberg -- A case for the posttribulation Rapture / Douglas Moo.
526 _aSEG42
526 _aSEG41
526 _aSEG40
526 _aSEG39
526 _aP94
526 _aP87
526 _aP86
526 _aP85
526 _aP77
526 _aP76
526 _aP35
650 0 _aRapto (Escatología cristiana)
650 0 _aTribulación (Escatología cristiana)
700 1 _aHultberg, Alan,
_d1962-
_eautor
700 1 _aMoo, Douglas J.
_eautor
730 0 _aThree views on the Rapture.
910 _ajck
_bbpc
_cbpc
_d20160510
942 _2ddc
_cBOOK
949 _a236.9 B61
_wDEWEY
_c1
_i73406
_lCCODEBUL1
_mBUL
_p22.99
_r0
_sY
_tBOOK
_u2016-6-2
_xTEOLOGIA
_PP35
_0COMPRA
_o.STAFF. Colección General
994 _aC0
_bPEPRU
596 _a1
999 _a236.9 B61
_wDEWEY
_c9681
_i73406
_d9681
_f2021-11-10
_g5
_lCCODEBUL1
_mBUL
_p22.99
_q1
_r0
_sY
_tBOOK
_u2016-6-2
_xTEOLOGIA
_PP35
_0COMPRA
_o.STAFF. Colección General
980 _81
_gALBERTO SANCHEZ Responsable de Automatización